American short stories
Đã lưu trong:
| 主要作者: | |
|---|---|
| 格式: | 图书 |
| 语言: | Undetermined |
| 出版: |
Chicago
Scott, Foresman and Co
1952
|
| 主题: | |
| 标签: |
添加标签
没有标签, 成为第一个标记此记录!
|
| Thư viện lưu trữ: | Trung tâm Học liệu Trường Đại học Cần Thơ |
|---|
| LEADER | 00431nam a2200157Ia 4500 | ||
|---|---|---|---|
| 001 | CTU_13634 | ||
| 008 | 210402s9999 xx 000 0 und d | ||
| 082 | |a 813.008 | ||
| 082 | |b A512 | ||
| 100 | |a American short stories | ||
| 245 | 0 | |a American short stories | |
| 260 | |a Chicago | ||
| 260 | |b Scott, Foresman and Co | ||
| 260 | |c 1952 | ||
| 650 | |a short stories, american | ||
| 980 | |a Trung tâm Học liệu Trường Đại học Cần Thơ | ||